Normal view
MARC view
- المواطنة - الأردن
Entry Topical Term
001 - CONTROL NUMBER
- control field: 57768
003 - CONTROL NUMBER IDENTIFIER
- control field: JO-AjAnu
005 - DATE AND TIME OF LATEST TRANSACTION
- control field: 20230606083446.0
008 - FIXED-LENGTH DATA ELEMENTS
- fixed length control field: 230606|| aca||aabn | a|a d
040 ## - CATALOGING SOURCE
- Original cataloging agency: JO-AjAnu
- Transcribing agency: JO-AjAnu
150 ## - HEADING--TOPICAL TERM
- Topical term or geographic name entry element: المواطنة - الأردن
670 ## - SOURCE DATA FOUND
- Source citation: Work cat.: (JO-AjAnu)29474: ناصر، إبراهيم عبدالله، شويحات، صفاء نعمة م. مشارك، الزبون، محمد سليم م. مشارك, author 57767, المواطنة الأردنية